00760nam a22002177a 450000500170000001000140001702000260003103500130005703700130007008200150008310000290009824500530012725000110018026000390019127000900023030000280032050000190034894200290036799900170039695201290041320100723161933.0 aENG-96546 a9788132100812c495.00 aEN-80079 bWestland a658.314321 aAgochiya, Devendra91080 aEvery trainer's handbook /cby Devendra Agochiya a2nd ed aNew DelhibSage Publicationsc2009 aB/1/I-1, Mohan Cooperative Industrial Area, Mathura Road, New Delhi-110044bNew Delhi axxvi, 408p.c24cm (pbk) aIncludes index 2ddccENmAGOh658.314321 c37456d37456 001040718NFICaDBADbDBADd2010-07-23eDBAD/PUBg495.00l0oAGOpEN-80079r2010-07-23 00:00:00t1v495.00w2010-07-23yEN